Presidents of France (updated 2017) - Statistics

General Stats
  • This quiz has been taken 19 times
    4 since last reset
  • The average score is 14 of 25
Answer Stats
Term President % Correct
2017-2022 Emmanuel Macron
100%
2012-2017 François Hollande
100%
2007-2012 Nicolas Sarkozy
100%
1959-1969 Charles de Gaulle
75%
1995-2007 Jacques Chirac
75%
1871-1873 Adolphe Thiers
50%
1932-1940 Albert Lebrun
50%
1920-1924 Alexandre Millerand
50%
1906-1913 Armand Fallières
50%
1899-1906 Émile Loubet
50%
1895-1899 Félix Faure
50%
1981-1995 François Mitterrand
50%
1924-1931 Gaston Doumergue
50%
1969-1974 Georges Pompidou
50%
1894-1895 Jean Casimir-Perier
50%
1879-1887 Jules Grévy
50%
1848-1852 Louis-Napoléon Bonaparte
50%
1873-1879 Patrice de Mac Mahon
50%
1920 Paul Deschanel
50%
1931-1932 Paul Doumer
50%
1954-1959 René Coty
50%
1887-1894 Sadi Carnot
50%
1974-1981 Valéry Giscard d'Estaing
50%
1947-1954 Vincent Auriol
50%
1913-1920 Raymond Poincaré
25%
No matching quizzes found
Score Distribution
Percent of People with Each Score
Percentile by Number Answered
Your Score History
You have not taken this quiz since the last reset